000 00571nam a2200181 i 4500
001 32702
003 ES-MaACL
005 20240522063033.0
007 t|
008 030131s1963 sp ||||1| spa d
100 0 _aBenoit, Pierre,
_d1886-1962
_927757
245 1 3 _aEl comendador
_b: novela /
_cPierre Benoit ; [traducción del francés por Enrique de Obregón].
260 _aBarcelona :
_bPlaneta,
_c[1963]
300 _a232 p. ;
_c22 cm.
700 1 _aObregón, Enrique de.
_986425
852 _aES-MaACL
_jC-23412
_bR.57861
999 _c32702
_d32702